000 00939nam a2200265Ia 4500
008 130821s2006 ag gr spa
020 _a9871283040
040 _aCo-BoUCM
_bspa
041 0 0 _aspa
100 1 _aFrankfurt, Harry G.
245 0 0 _aLa importancia de lo que nos preocupa ensayos filosóficos Harry G. Frankfurt ;traducción de Verónica Inés Weinstabl y Servanda María Hagen
260 _aBuenos Aires (Argentina)
_bKatz Editores
_c2006
300 _a270 páginas
490 _aConocimiento
_v3002
504 _aIncluye bibliografía
650 0 4 _aFilosofía
_975
650 0 4 _aIgualdad
_917157
650 0 4 _aLibertad
_918464
650 0 4 _aVoluntad
_926364
700 1 _aHagen, Servanda María de
_etrad.
700 1 _aWeinstabl, Verónica Inés
_etrad.
765 _aThe importance of what we care about. philosophical essays
942 _cLIBRO
_a2
_e1
_mF829i
_2DEWEY
_h128
999 _c55292
_d55292